Ensayos completos
Saved in:
| Hovedforfatter: | |
|---|---|
| Format: | Bog |
| Sprog: | spansk |
| Udgivet: |
Madrid, España
Cátedra
2003
|
| Udgivelse: | 1a. ed |
| Serier: | Biblioteca Avrea
|
| Fag: | |
| Online adgang: | Disponible Online - Libro Primero Cap.31-pp.231-241 / Libro Tercero Cap.6-pp.871-886 |
| Tags: |
Tilføj Tag
Ingen Tags, Vær først til at tagge denne postø!
|
MARC
| LEADER | 00000nam a2200000 a 4500 | ||
|---|---|---|---|
| 001 | UCL9055 | ||
| 003 | CL-VaPUC | ||
| 005 | 20220303175606.0 | ||
| 008 | 040716e20030000SP |||||||||||||||||spa|d | ||
| 999 | |c 310052 |d 310050 | ||
| 020 | |a 843762035X | ||
| 040 | |c Pontificia Universidad Católica de Valparaíso | ||
| 082 | 0 | 4 | |a 844 MON 2003 |2 21 |
| 100 | |a Montaigne, Michel de |e autor |9 346836 | ||
| 245 | 1 | 0 | |a Ensayos completos |
| 250 | |a 1a. ed | ||
| 260 | |a Madrid, España |b Cátedra |c 2003 | ||
| 300 | |a 1117 páginas | ||
| 440 | |a Biblioteca Avrea |9 860282 | ||
| 583 | |a last modification |c 20040716 00:00:00 |k Rodrigo Vera | ||
| 650 | 0 | |a Ensayos franceses |9 265511 | |
| 650 | 0 | |a Literatura francesa |9 266330 | |
| 650 | 0 | |a Filosofía francesa |9 255698 | |
| 856 | |u http://bibliografiadigital.pucv.cl.pucv.idm.oclc.org/index.php/bibliotecapucv/catalog/book/278 |y Disponible Online - Libro Primero Cap.31-pp.231-241 / Libro Tercero Cap.6-pp.871-886 | ||
| 942 | |c BK |2 ddc | ||
| 945 | |d 20040716 00:00:00 |a cmena | ||
| 952 | |0 0 |1 0 |4 0 |6 844_000000000000000_MON_2003 |7 0 |8 A |9 378084 |a BIBEDU |b BIBEDU |d 2019-11-21 |i 403631K |l 4 |o 844 MON 2003 |p 403631K |r 2022-06-06 |s 2022-05-30 |w 2019-11-21 |y BK |k FIL | ||